• 首页
  • 本馆介绍
  • 公告通知
  • 最新文献
  • 馆藏检索
  • 电子资源
  • 读者导购
  • 参考咨询
  • 我的图书馆
  • 登录
  • 详细信息显示
  • 放入我的书架
  • 预约/预借图书
  • 作者相关作品
  • 分类相关作品
  • 丛书相关作品
  • 出版社相关作品

书目信息

  • 表格格式
  • 工作单格式
  • 卡片格式
题名:
唐尚书省右司郎官考
    
 
作者: 张忱石 撰
分册: 下  
出版信息: 北京   中华书局  2020
页数: 589-1252,49页
开本: 21cm
丛书名:
单 册:
中图分类: K827=42
科图分类:
主题词: 尚书省--shang shu sheng--政治人物--生平事迹--中国--唐代
电子资源:
ISBN: 978-7-101-14368-3
000 00951nam0 2200229 450
001 011029202424
005 20211031095702.51
010    @a978-7-101-14368-3@b精装@dCNY134.00(全2册268.00)
100    @a20200922d2020 em y0chiy0120 ea
101 0  @achi
102    @aCN@b110000
105    @ay z 001yc
106    @ar
200 1  @a唐尚书省右司郎官考@Atang shang shu sheng you si lang guan kao@h下@f张忱石撰
210    @a北京@c中华书局@d2020
215    @a589-1252,49页@d21cm
330    @a本书收录唐尚书省右司兵、刑、工三部十三司郎官的姓名及其史实,按人物时代次序排列,起自唐高祖武德元年,终于唐哀帝天祐四年。每一人名下辑录的史料,主要是其授任该司郎官的史实,兼及籍贯、世系、出身、历官、交游、著述、才艺等内容。书后附有人名索引,可备查检。
606 0  @a尚书省@Ashang shu sheng@x政治人物@x生平事迹@y中国@z唐代
690    @aK827=42@v5
701  0 @a张忱石@Azhang chen shi@4撰
801  0 @aCN@b百万庄@c20211029
905    @b1312607-08@dK827=42@e1076:2@f2
    
    唐尚书省右司郎官考.下/张忱石撰.-北京:中华书局,2020
    589-1252,49页;21cm
    
    
    ISBN 978-7-101-14368-3(精装):CNY134.00(全2册268.00)
    本书收录唐尚书省右司兵、刑、工三部十三司郎官的姓名及其史实,按人物时代次序排列,起自唐高祖武德元年,终于唐哀帝天祐四年。每一人名下辑录的史料,主要是其授任该司郎官的史实,兼及籍贯、世系、出身、历官、交游、著述、才艺等内容。书后附有人名索引,可备查检。
●
相关链接 在E读中查询图书 在五车中查询图书 在当当中查询图书 在豆瓣中查询图书


正题名:唐尚书省右司郎官考     索取号:K827=42/1076:2         预约/预借

序号 登录号 条形码 馆藏地/架位号 状态 备注
1 1312607   213126071   第二样本阅览室/ [索取号:K827=42/1076:2] 在馆    
2 1312608   213126080   第二借阅区/ [索取号:K827=42/1076:2] 在馆    
唐山师范学院图书馆 欢迎您!
大连网信软件有限公司© 版权所有